| 000 | 00440nam a2200145 4500 | ||
|---|---|---|---|
| 001 | 140444 | ||
| 003 | ES-MaACL | ||
| 007 | t| | ||
| 008 | 070214s1941 sp r ||||1| spa d | ||
| 100 | 1 |
_aSchweizer, Fernando. _9104901 |
|
| 245 | 1 | 0 |
_aTranstornos nutritivos del lactante _b: (disontia) / _cFernando Schweizer. |
| 260 |
_aBuenos Aires : _b`El Ateneo`, _c1941. |
||
| 300 |
_a369 p. : _bil. ; _c23 cm. |
||
| 852 |
_aES-MaACL _jE-1636 _bR.28707 |
||
| 999 |
_c140444 _d140444 |
||